[Event "Montenegro Festival Mix-01 2021"]
[Site "Podgorica"]
[Date "2021.03.20"]
[Round "3.5"]
[White "Blagojevic, Dragisa"]
[Black "Kisic, Bozidar"]
[Result "1-0"]
[WhiteElo "2489"]
[BlackElo "2233"]
[Annotator "TA"]
[PlyCount "93"]
[EventDate "2021.02.26"]
[EventType "swiss"]
[EventCountry "MNE"]
[SourceTitle "playchess.com"]
[Source "ChessBase"]
[SourceQuality "1"]

{[%evp 9,93,38,70,70,48,54,74,81,97,101,107,128,123,122,120,117,109,102,156,96,103,93,169,98,93,92,102,86,89,79,89,64,87,61,68,43,74,39,152,62,85,65,62,72,73,74,76,47,61,37,99,91,100,52,120,121,120,92,104,85,98,77,100,88,89,72,109,82,162,90,75,94,372,208,217,182,199,206,184,228,302,180,173,176,301,301]} 1. d4 Nf6 2. Nf3 c5 3. d5 b5 4. Bg5 Qb6 5. Bxf6 exf6 6. e4 {A43: Schmid Benoni.} c4 7. Be2 Bc5 8. O-O {White is better.} O-O 9. a4 {[#]} a6 $146 ({Predecessor:} 9... bxa4 10. Nc3 Bd6 11. Nxa4 Qc7 12. h3 Ba6 13. Nd4 Re8 14. Nc3 Qb6 15. Na4 Qc7 16. Nc3 Qb6 {½-½ (16) Marches Rios,J (2060)-Velez Romero,J (2035) Barcelona 2018}) 10. axb5 Bb7 11. Bxc4 axb5 12. Rxa8 Bxa8 13. Bd3 f5 (13... b4 $142) 14. Nc3 (14. exf5 $142 Be7 15. Nc3) 14... fxe4 15. Bxe4 Re8 (15... f5 $16 {was necessary.}) 16. Qd3 (16. Bd3 $1 $18) 16... g6 $16 17. Nd2 Bb4 18. Bf3 Na6 19. Rd1 Rb8 20. Nf1 Bc5 21. Ne4 Bf8 22. c3 Bg7 23. Ne3 Re8 ({Better is} 23... f5 $14) 24. Nc2 (24. b4 $1 $16) 24... f5 $14 25. Ng3 {[%cal Be4g3,Bg3e2,Be2d4][%mdl 32]} Nc5 26. Qd2 Nb3 27. Qf4 Na5 28. Nb4 Nc4 29. Qc1 h5 (29... Ne5 $14) 30. Ne2 $16 Kh7 31. Nd4 Bh6 (31... Bxd4 $14 32. cxd4 (32. Rxd4 Nxb2 33. Nc2 Nc4 $11) 32... Qd6) 32. Qc2 Nd6 33. h3 Bg7 34. Be2 Bb7 35. Bf1 Kg8 36. Qb3 Kh7 37. Nbc2 Ba6 38. Ra1 Ne4 {[#]} (38... Bb7 $16 {was called for.}) 39. Bxb5 ({White should try} 39. Qb4 $1 $18) 39... Nc5 40. Qb4 {aiming for Bxa6.} Bb7 {[%mdl 8192] [#] A mistake that costs the game.} (40... Bxb5 $16 41. c4 (41. Qxb5 Qxb5 42. Nxb5 Re2 $14) (41. Nxb5 $2 Nd3 $19 {[%mdl 64] Double Attack}) 41... Ne4 42. Qxb5 (42. cxb5 Rc8 $11) 42... Qd6) 41. Bc4 (41. Bc6 $142 $1 {[%mdl 512]} Qxb4 42. cxb4 Bxc6 43. dxc6) 41... Qc7 42. Nb5 Qb6 43. Qa5 Qxa5 44. Rxa5 {Strongly threatening Nd6.} Ne4 45. Ra7 (45. Bd3 $142) 45... Rb8 $18 46. Ncd4 Bf8 {[#]} (46... Kh6 $142 47. f3 Nf6) 47. Nc6 $1 {[%mdl 512] Weighted Error Value: White=0.26/Black=0.36} 1-0

[Event "Montenegro Festival Mix-01 2021"]
[Site "Podgorica"]
[Date "2021.03.20"]
[Round "3.6"]
[White "Vujovic, Savo"]
[Black "Tomic, Aleksandar"]
[Result "0-1"]
[WhiteElo "2187"]
[BlackElo "2360"]
[Annotator "NA"]
[PlyCount "74"]
[EventDate "2021.02.26"]
[EventType "swiss"]
[EventCountry "MNE"]
[SourceTitle "playchess.com"]
[Source "ChessBase"]
[SourceQuality "1"]
[TimeControl "40/5400+30:900+30"]

1. e4 {[%emt 0:00:00]} d6 {[%emt 0:01:38]} 2. d4 {[%emt 0:00:17]} g6 {[%emt 0:01:16]} 3. Nc3 {[%emt 0:00:08]} Bg7 {[%emt 0:00:47]} 4. Be3 {[%emt 0:00:25]} c6 {[%emt 0:00:52]} 5. Nf3 {[%emt 0:02:55]} b5 {[%emt 0:03:04]} 6. a3 {[%emt 0:00:50]} a6 {[%emt 0:00:56]} 7. Bd3 {[%emt 0:04:04]} e5 {[%emt 0:03:13]} 8. O-O {[%emt 0:02:58]} Bg4 {[%emt 0:03:03]} 9. dxe5 {[%emt 0:00:13]} dxe5 {[%emt 0:00:28]} 10. h3 {[%emt 0:00:31]} Bxf3 {[%emt 0:04:05]} 11. Qxf3 {[%emt 0:00:07]} Nf6 {[%emt 0:00:17]} 12. a4 {[%emt 0:12:00]} Nbd7 {[%emt 0:01:05]} 13. Na2 {[%emt 0:08:41]} Qe7 {[%emt 0:05:29]} 14. c3 {[%emt 0:05:19]} O-O {[%emt 0:03:55]} 15. Rfd1 {[%emt 0:07:41]} Qe6 {[%emt 0:05:09]} 16. Qe2 {[%emt 0:10:23]} Rfb8 {[%emt 0:06:05]} 17. axb5 {[%emt 0:03:41]} axb5 {[%emt 0:02:10]} 18. Nb4 {[%emt 0:00:46]} Rc8 {[%emt 0:06:17]} 19. c4 {[%emt 0:15:48]} Rxa1 {[%emt 0:07:16]} 20. Rxa1 {[%emt 0:00:09]} Qd6 {[%emt 0:00:29]} 21. Bd2 {[%emt 0:02:27]} bxc4 {[%emt 0:03:09]} 22. Bxc4 {[%emt 0:00:34]} Qd4 {[%emt 0:00:20]} 23. Be3 {[%emt 0:05:45]} Qxe4 {[%emt 0:00:59]} 24. Ra7 {[%emt 0:00:42]} Rb8 {[%emt 0:10:18]} 25. Na6 {[%emt 0:03:43]} Rd8 {[%emt 0:13:15]} 26. f3 {[%emt 0:05:03]} Qb1+ {[%emt 0:01:55]} 27. Kh2 {[%emt 0:00:28]} e4 {[%emt 0:00:27]} 28. Nb4 {[%emt 0:00:42]} exf3 {[%emt 0:01:00]} 29. gxf3 {[%emt 0:02:02]} Ne5 {[%emt 0:01:31]} 30. Ba2 {[%emt 0:01:11]} Qf5 {[%emt 0:04:04]} 31. f4 {[%emt 0:04:57]} Bh6 {[%emt 0:00:13]} 32. fxe5 {[%emt 0:00:33]} Qxe5+ {[%emt 0:00:12]} 33. Kg2 {[%emt 0:00:36]} Bxe3 {[%emt 0:00:22]} 34. Rxf7 {[%emt 0:00:36]} Kh8 {[%emt 0:02:56]} 35. Rxf6 {[%emt 0:00:29]} Rd2 {[%emt 0:00:23]} 36. Rf2 {[%emt 0:00:37]} Qe4+ {[%emt 0:00:40]} 37. Kg3 {[%emt 0:00:34]} Bxf2+ {[%emt 0:00:12]} 0-1

[Event "Montenegro Festival Mix-01 2021"]
[Site "Podgorica"]
[Date "2021.03.20"]
[Round "3.7"]
[White "Alivodic, Dario"]
[Black "Injac, Teodora"]
[Result "0-1"]
[WhiteElo "2189"]
[BlackElo "2319"]
[Annotator "NA"]
[PlyCount "72"]
[EventDate "2021.02.26"]
[EventType "swiss"]
[EventCountry "MNE"]
[SourceTitle "playchess.com"]
[Source "ChessBase"]
[SourceQuality "1"]
[TimeControl "40/5400+30:900+30"]

1. d4 {[%emt 0:00:00]} Nf6 {[%emt 0:00:00]} 2. c4 {[%emt 0:00:00]} e6 {[%emt 0:00:08]} 3. Nc3 {[%emt 0:00:04]} Bb4 {[%emt 0:00:15]} 4. a3 {[%emt 0:00:43]} Bxc3+ {[%emt 0:00:43]} 5. bxc3 {[%emt 0:00:03]} Nc6 {[%emt 0:01:11]} 6. f3 {[%emt 0:04:40]} b6 {[%emt 0:00:32]} 7. e4 {[%emt 0:00:20]} Na5 {[%emt 0:00:58]} 8. Bd3 {[%emt 0:00:05]} Ba6 {[%emt 0:01:32]} 9. Qe2 {[%emt 0:00:06]} c5 {[%emt 0:02:01]} 10. e5 {[%emt 0:04:48]} Ng8 {[%emt 0:04:49]} 11. Be3 {[%emt 0:15:18]} Rc8 {[%emt 0:07:34]} 12. Rc1 {[%emt 0:00:41]} Ne7 {[%emt 0:14:18]} 13. d5 {[%emt 0:10:53]} Nf5 {[%emt 0:09:34]} 14. Bf2 {[%emt 0:05:54]} Qg5 {[%emt 0:02:04]} 15. f4 {[%emt 0:04:36]} Qxf4 {[%emt 0:02:04]} 16. Rd1 {[%emt 0:00:09]} Bxc4 {[%emt 0:02:04]} 17. Nf3 {[%emt 0:01:04]} Bxd5 {[%emt 0:14:34]} 18. O-O {[%emt 0:01:47]} Bxf3 {[%emt 0:02:20]} 19. gxf3 {[%emt 0:00:25]} O-O {[%emt 0:01:42]} 20. Kh1 {[%emt 0:01:18]} Nc6 {[%emt 0:00:23]} 21. Rde1 {[%emt 0:01:43]} f6 {[%emt 0:01:09]} 22. exf6 {[%emt 0:00:22]} Rxf6 {[%emt 0:00:13]} 23. Rg1 {[%emt 0:00:07]} Rh6 {[%emt 0:07:50]} 24. Rg2 {[%emt 0:00:25]} Nce7 {[%emt 0:00:49]} 25. Reg1 {[%emt 0:00:31]} Rh3 {[%emt 0:02:00]} 26. Be4 {[%emt 0:00:49]} Rf8 {[%emt 0:06:49]} 27. Be1 {[%emt 0:03:47]} Ng6 {[%emt 0:02:21]} 28. c4 {[%emt 0:01:09]} Nd4 {[%emt 0:02:37]} 29. Qd3 {[%emt 0:01:50]} Nxf3 {[%emt 0:02:02]} 30. Bg3 {[%emt 0:00:30]} Rxg3 {[%emt 0:01:33]} 31. Rxg3 {[%emt 0:01:03]} Nxg1 {[%emt 0:00:15]} 32. Rxg1 {[%emt 0:00:41]} Ne5 {[%emt 0:02:16]} 33. Qe2 {[%emt 0:00:53]} g6 {[%emt 0:02:03]} 34. Qc2 {[%emt 0:00:14]} Ng4 {[%emt 0:01:11]} 35. Bxg6 {[%emt 0:00:22]} Nf2+ {[%emt 0:00:22]} 36. Kg2 {[%emt 0:00:05]} Qf3+ {[%emt 0:00:10]} 0-1

[Event "Montenegro Festival Mix-01 2021"]
[Site "Podgorica"]
[Date "2021.03.20"]
[Round "3.8"]
[White "Pobor, Milo"]
[Black "Djurovic, Peko"]
[Result "1/2-1/2"]
[WhiteElo "2105"]
[BlackElo "2062"]
[Annotator "NA"]
[PlyCount "25"]
[EventDate "2021.02.26"]
[EventType "swiss"]
[EventCountry "MNE"]
[SourceTitle "playchess.com"]
[Source "ChessBase"]
[SourceQuality "1"]
[TimeControl "40/5400+30:900+30"]

1. e4 e5 {[%emt 1:30:30]} 2. Nf3 Nf6 3. Nxe5 d6 4. Nf3 Nxe4 5. Nc3 Nxc3 6. dxc3 Be7 7. Be3 Nc6 8. Qd2 Be6 9. O-O-O Bf6 10. Kb1 a6 11. Nd4 Nxd4 12. Bxd4 Qe7 13. Be2 1/2-1/2

[Event "Montenegro Festival Mix-01 2021"]
[Site "Podgorica"]
[Date "2021.03.21"]
[Round "4.1"]
[White "Sanal, Vahap"]
[Black "Suleymanli, Aydin"]
[Result "1-0"]
[WhiteElo "2571"]
[BlackElo "2512"]
[Annotator "TA"]
[PlyCount "97"]
[EventDate "2021.02.26"]
[EventType "swiss"]
[EventCountry "MNE"]
[SourceTitle "playchess.com"]
[Source "ChessBase"]
[SourceQuality "1"]

{[%evp 13,97,0,0,0,0,0,1,0,15,16,14,14,15,11,18,16,20,18,15,9,18,18,17,24,43,41,50,31,33,0,47,40,46,34,44,23,55,55,57,30,45,39,81,99,145,158,154,146,204,200,215,222,215,215,215,215,214,214,271,262,262,262,287,268,285,351,391,374,362,354,304,254,394,443,2431,1814,5720,5293,6287,6211,5728,5206,5089,4894,3183,2929]} 1. e4 c6 2. d4 d5 3. exd5 cxd5 4. c4 Nf6 5. Nc3 Nc6 6. Nf3 Bg4 7. cxd5 Nxd5 8. h3 {B13: Caro-Kann: Exchange Variation and Panov-Botvinnik Attack.} Bxf3 9. Qxf3 e6 ({Don't go for} 9... Nxd4 $2 10. Qxd5 Qxd5 11. Nxd5 $18) 10. Bb5 {The position is equal.} a6 11. Bxc6+ bxc6 12. O-O Be7 13. Na4 {[#]} Rc8 $146 ({Predecessor:} 13... Qa5 14. b3 O-O 15. Bb2 Rfd8 16. Rfc1 Qc7 17. Nc5 Bd6 18. Rc4 a5 19. Nd3 Qb7 {½-½ (50) David Bordier,C (2225)-Soldano,G (2217) ICCF email 2013}) 14. Rd1 O-O 15. Bd2 Qd7 16. Rac1 Qb7 17. Rc4 Qb5 18. Rdc1 Rc7 19. b3 Rfc8 20. Nc3 Qb7 21. Na4 Qb5 22. Qg3 Kh8 23. R1c2 h6 24. Nc3 (24. Nc5 {looks sharper.} Rd8 25. Qe5 Bd6 26. Qh5 Re8 27. Ne4) 24... Nxc3 25. Qxc3 Bd6 26. Qa1 Kg8 27. Qe1 c5 {White should prevent ...cxd4.} 28. Qc1 {White leaves nothing to chance now.} Qb6 29. Bf4 Bxf4 30. Qxf4 Rd7 (30... a5 $16 31. Qe5 f6 32. dxc5 Rxc5 33. Rxc5 fxe5 34. Rxc8+ Kh7) 31. dxc5 $18 ({Don't play} 31. Rxc5 $6 Rcd8 $16) 31... Qc6 32. Rd2 Rd5 33. Rxd5 exd5 {[%mdl 4096] Endgame KQR-KQR} 34. Rc1 Rd8 35. Qd4 a5 36. a3 {[%cal Ba2a3,Ba3b4][%mdl 32]} Rb8 37. Rc3 Re8 38. Re3 Rc8 39. b4 axb4 40. axb4 Rb8 41. Rg3 {[%csl Gg3][%cal Rd4g7] [#]} g6 42. Re3 Qd7 (42... Qa4 $142 43. Kh2 Rxb4 44. Qxd5 Qb5) 43. Qf6 d4 {[#]} (43... Qf5 $142 44. Qd4 Qc2) 44. c6 $1 Qd5 (44... Qf5 45. c7) 45. Re7 d3 46. Rd7 {Threatening mate with c7.} Qc4 47. Qe5 Rf8 48. b5 d2 49. Kh2 {Weighted Error Value: White=0.05/Black=0.18} 1-0

[Event "Montenegro Festival Mix-01 2021"]
[Site "Podgorica"]
[Date "2021.03.21"]
[Round "4.2"]
[White "Tomic, Aleksandar"]
[Black "Blagojevic, Dragisa"]
[Result "1-0"]
[WhiteElo "2360"]
[BlackElo "2489"]
[Annotator "TA"]
[PlyCount "79"]
[EventDate "2021.02.26"]
[EventType "swiss"]
[EventCountry "MNE"]
[SourceTitle "playchess.com"]
[Source "ChessBase"]
[SourceQuality "1"]

{[%evp 10,79,45,37,37,42,52,21,20,10,34,23,21,0,0,2,54,10,7,0,6,12,14,8,20,13,8,0,7,0,0,-11,-25,-25,-17,-42,-8,-8,-15,-31,-20,-19,-25,-32,-33,-62,0,0,0,0,0,7,8,-127,-145,-154,-37,-95,-89,-304,-25,-79,-38,-166,-33,-59,-18,-6,14,8,54,36]} 1. d4 d5 2. c4 dxc4 3. e4 Nc6 4. Nf3 Bg4 5. d5 Ne5 6. Bf4 Ng6 {D20: Queen's Gambit Accepted: 3 e3 and 3 e4.} 7. Be3 e5 8. Nc3 a6 {The position is equal.} 9. Bxc4 Bd6 (9... Nh4 $5 {[%cal Rh4g2]}) 10. g3 Nf6 11. Be2 {[#]} O-O $146 ({Predecessor:} 11... Qe7 12. h4 h5 13. Bg5 Bc5 14. Nd2 b5 15. Bxg4 hxg4 16. Rf1 Qd7 17. Bxf6 gxf6 {1-0 (43) Nechaeva,M (2402)-Shaydullina,S (2158) St Petersburg 2011}) 12. Nd2 Bd7 (12... Bh3 $11) 13. Nc4 Bb4 14. f3 b5 15. Nd2 c6 16. dxc6 $1 Bxc6 17. O-O Qe7 18. Nb3 Rfc8 19. Rc1 Bd7 20. Qe1 Be6 21. Bd1 Nf8 22. Rf2 N8d7 23. a3 Bd6 24. Rd2 b4 25. axb4 Bxb4 26. Na1 h6 27. Qf2 a5 (27... Nc5 $15) 28. Rdc2 $11 Rcb8 29. Na4 $1 Ne8 30. Rc6 Nd6 31. Nc5 (31. Qe2 $11) 31... Nxc5 $17 32. Bxc5 {[#]} Rd8 ({Black should try} 32... Rc8 $1 $17 {[%cal Rc8c6]} 33. Bxb4 Rxc6 34. Rxc6 axb4) 33. Bxb4 (33. Bb3 $15) 33... axb4 34. Qc5 (34. Nc2 $17 {is a better defense.}) 34... Qa7 $2 (34... Rac8 $19 {Threatens to win with ...Rxc6.} 35. Rxc8 Rxc8) 35. Nb3 (35. Qxa7 $11 {remains equal.} Rxa7 36. Nc2) 35... Nb5 36. Be2 Qxc5+ ({Black should play} 36... Bxb3 $19 37. Bxb5 Rd2) 37. R6xc5 $15 Nd4 38. Nxd4 exd4 39. Rd1 Ra2 40. Rd2 {Weighted Error Value: White=0.33/Black=0.39} 1-0

[Event "Montenegro Festival Mix-01 2021"]
[Site "Podgorica"]
[Date "2021.03.21"]
[Round "4.3"]
[White "Can, Isik"]
[Black "Sukovic, Andrej"]
[Result "1-0"]
[WhiteElo "2380"]
[BlackElo "2282"]
[Annotator "ChessBase"]
[PlyCount "117"]
[EventDate "2021.02.26"]
[EventType "swiss"]
[EventCountry "MNE"]
[SourceTitle "playchess.com"]
[Source "ChessBase"]
[SourceQuality "1"]
[TimeControl "40/5400+30:900+30"]

1. e4 {[%emt 0:00:00]} c5 {[%emt 0:03:39]} 2. Nf3 {[%emt 0:00:00]} d6 {[%emt 0:00:07]} 3. d4 {[%emt 0:00:00]} cxd4 {[%emt 0:00:05]} 4. Nxd4 {[%emt 0:00:00]} Nf6 {[%emt 0:00:10]} 5. Nc3 {[%emt 0:00:03]} a6 {[%emt 0:00:06]} 6. Bg5 {[%emt 0:01:09]} e6 {[%emt 0:00:14]} 7. f4 {[%emt 0:00:13]} Bd7 {[%emt 0:00:05]} 8. Qf3 {[%emt 0:00:45]} Nc6 {[%emt 0:00:08]} 9. O-O-O {[%emt 0:00:08]} Nxd4 {[%emt 0:00:05]} 10. Rxd4 {[%emt 0:00:05]} Qa5 {[%emt 0:00:06]} 11. Bc4 {[%emt 0:03:58]} h6 {[%emt 0:03:11]} 12. Bxf6 {[%emt 0:24:18]} gxf6 {[%emt 0:00:07]} 13. Bb3 {[%emt 0:03:24]} O-O-O {[%emt 0:05:01]} 14. Kb1 {[%emt 0:02:51]} h5 {[%emt 0:14:42]} 15. f5 {[%emt 0:15:29]} Be7 {[%emt 0:00:29]} 16. Ne2 {[%emt 0:10:41]} Qe5 {[%emt 0:14:20]} 17. Rhd1 {[%emt 0:02:03]} h4 {[%emt 0:10:02]} 18. Nf4 {[%emt 0:13:12]} Rhg8 {[%emt 0:00:49]} 19. Rd5 {[%emt 0:12:31]} exd5 {[%emt 0:00:08]} 20. Rxd5 {[%emt 0:00:04]} Rxg2 {[%emt 0:00:28]} 21. a3 {[%emt 0:03:52]} Rg1+ {[%emt 0:02:00]} 22. Ka2 {[%emt 0:00:07]} Rf1 {[%emt 0:00:06]} 23. Qxf1 {[%emt 0:00:52]} Qxe4 {[%emt 0:00:08]} 24. Rd1 {[%emt 0:01:41]} Bf8 {[%emt 0:03:50]} 25. Nd5 {[%emt 0:00:51]} Kb8 {[%emt 0:02:22]} 26. Nxf6 {[%emt 0:02:31]} Qxf5 {[%emt 0:01:44]} 27. Nxd7+ {[%emt 0:00:24]} Qxd7 {[%emt 0:00:06]} 28. Bxf7 {[%emt 0:00:05]} Bg7 {[%emt 0:00:55]} 29. Bc4 {[%emt 0:02:16]} Qc6 {[%emt 0:05:48]} 30. Qd3 {[%emt 0:00:53]} Qb6 {[%emt 0:00:47]} 31. c3 {[%emt 0:00:08]} Be5 {[%emt 0:00:06]} 32. Rd2 {[%emt 0:00:34]} Rf8 {[%emt 0:01:57]} 33. Bd5 {[%emt 0:00:12]} Rf4 {[%emt 0:05:59]} 34. Rg2 {[%emt 0:00:41]} Qc5 {[%emt 0:01:23]} 35. Rg8+ {[%emt 0:00:53]} Ka7 {[%emt 0:00:30]} 36. Re8 {[%emt 0:00:17]} Bf6 {[%emt 0:05:24]} 37. Rf8 {[%emt 0:00:01]} Be5 {[%emt 0:00:30]} 38. Rd8 {[%emt 0:00:15]} Bd4 {[%emt 0:05:25]} 39. Bxb7 {[%emt 0:01:27]} Kxb7 {[%emt 0:02:13]} 40. Qh7+ {[%emt 0:00:00]} Kc6 {[%emt 0:00:00]} 41. Rc8+ {[%emt 0:05:23]} Kd5 {[%emt 0:04:03]} 42. Qb7+ {[%emt 0:01:11]} Ke5 {[%emt 0:00:15]} 43. Rxc5+ {[%emt 0:03:58]} Bxc5 {[%emt 0:00:05]} 44. Qxa6 {[%emt 0:00:16]} Rf2 {[%emt 0:05:57]} 45. h3 {[%emt 0:00:01]} Rf4 {[%emt 0:05:04]} 46. Qc6 {[%emt 0:01:21]} Bf2 {[%emt 0:00:22]} 47. a4 {[%emt 0:02:00]} d5 {[%emt 0:01:20]} 48. a5 {[%emt 0:01:08]} Rf3 {[%emt 0:04:48]} 49. Qe8+ {[%emt 0:01:37]} Kf4 {[%emt 0:00:42]} 50. Qe6 {[%emt 0:00:20]} Rg3 {[%emt 0:00:28]} 51. a6 {[%emt 0:00:34]} Rg2 {[%emt 0:01:02]} 52. Qd6+ {[%emt 0:02:08]} Kf3 {[%emt 0:00:17]} 53. Qxd5+ {[%emt 0:00:37]} Kg3 {[%emt 0:00:05]} 54. Qd7 {[%emt 0:00:10]} Kh2 {[%emt 0:00:21]} 55. a7 {[%emt 0:01:50]} Bxa7 {[%emt 0:00:06]} 56. Qxa7 {[%emt 0:00:02]} Kxh3 {[%emt 0:00:05]} 57. c4 {[%emt 0:00:07]} Kh2 {[%emt 0:01:10]} 58. c5 {[%emt 0:00:26]} h3 {[%emt 0:00:08]} 59. c6 {[%emt 0:00:20]} 1-0

[Event "Montenegro Festival Mix-01 2021"]
[Site "Podgorica"]
[Date "2021.03.21"]
[Round "4.4"]
[White "Delchev, Aleksander"]
[Black "Thybo, Jesper Sondergaard"]
[Result "1/2-1/2"]
[WhiteElo "2526"]
[BlackElo "2572"]
[Annotator "TA"]
[PlyCount "150"]
[EventDate "2021.02.26"]
[EventType "swiss"]
[EventCountry "MNE"]
[SourceTitle "playchess.com"]
[Source "ChessBase"]
[SourceQuality "1"]

{[%evp 11,150,20,19,17,26,0,0,0,0,-3,0,0,0,7,0,0,0,0,0,0,0,0,21,0,20,10,43,39,52,28,55,41,55,46,43,-11,0,0,0,0,0,32,29,0,33,-53,-7,-29,0,-41,71,0,0,0,0,0,0,0,0,0,0,0,0,0,0,0,0,0,0,0,0,0,34,0,54,0,0,0,0,0,0,-212,-245,-186,-42,-89,-91,-94,-93,-209,-24,-24,-15,-22,0,0,0,0,0,0,0,0,0,0,37,38,116,116,116,52,63,45,45,44,44,44,45,44,45,45,47,47,47,0,0,0,0,0,47,0,0,0,0,0,0,0,0,0,0,0,47]} 1. d4 Nf6 2. c4 e6 3. g3 d5 4. Bg2 c6 5. Nf3 dxc4 6. Ne5 Bb4+ 7. Nc3 {E04: Open Catalan: 5 Nf3.} Nd5 8. O-O Nxc3 9. bxc3 Bxc3 {[%mdl 64] Double Attack} 10. Nxc4 {[#]} Bxa1 $146 ({Predecessor:} 10... Bb4 11. Rb1 Be7 12. Bf4 O-O 13. Qd2 Nd7 14. Rfc1 Nb6 15. Na5 Bd6 16. Bxd6 Qxd6 {1-0 (31) Theodorou,N (2554)-Harsha,B (2509) chess.com INT 2020}) 11. Ba3 Bb2 12. Nd6+ Kd7 $1 13. Nxf7 Bxa3 14. Nxd8 Rxd8 15. Qd3 $36 {[%mdl 2112] Double Attack. White fights for an advantage.} Bf8 16. Qxh7 Kc7 17. Qe4 Bd7 18. Qe5+ Bd6 19. Qxg7 Na6 20. Rb1 {[%mdl 1024] White has compensation.} Nb4 21. Qg5 a5 22. Qd2 b5 23. e4 (23. h4 $14) 23... Kb6 24. Rc1 e5 25. dxe5 Bxe5 {And now ...Be6 would win.} 26. Qe3+ $1 Kb7 27. a3 Na6 28. Qg5 (28. f4 $14 Bc7 29. Kh1) 28... Bb2 {[%mdl 64] Double Attack} 29. Rd1 Bxa3 {White must now prevent ...Nc7.} 30. e5 Kc7 {[#]} (30... Kb6 $1 $15 31. e6 Rg8) 31. Qg7 ({Much weaker is} 31. e6 Be8 $17) (31. h4 $1 $16 {[%cal Rh4h5]}) 31... Bf8 $11 32. Qf6 Nb4 33. Qf7 Kb6 34. Rxd7 Rxd7 35. Qxd7 {e6 is the strong threat.} a4 {Strongly threatening ...a3.} 36. Bh3 a3 37. Be6 Bc5 38. Kg2 a2 39. Bxa2 Rxa2 40. Qd8+ Kb7 41. Qd7+ Ka6 42. Qc8+ Ka5 (42... Kb6 $1 $11 43. Qb8+ Ka5) 43. Qa8+ (43. h4 $14) 43... Na6 44. Qxc6 Rxf2+ 45. Kh3 Re2 46. e6 {[#]} (46. Qd5 $11 {and White has nothing to worry.}) 46... b4 $1 $19 47. Qd5 Re3 ({Better is} 47... Kb6 $19 48. Kg4 Nc7) 48. Kg4 Kb6 49. h4 Nc7 {[%mdl 64] Double Attack} 50. Qd8 Rxe6 $2 ({Black should try} 50... b3 $19 {Threatens to win with ...Kb7.} 51. h5 Kb7) 51. h5 $11 Bd6 52. Qh8 Re8 53. Qd4+ Bc5 54. Qf6+ Re6 55. Qh8 Bd6 56. h6 {aiming for h7.} Be5 57. Qb8+ Kc6 58. h7 Re8 (58... Nb5 $14 59. Qxe5 {[%mdl 64] Remove Defender} Rxe5) 59. Qxb4 $16 {Hoping for Kf5.} Bh8 60. Kh3 (60. Kh5 $16) 60... Kd7 $14 61. Qg4+ Ne6 62. Qg8 Ke7 63. g4 Bf6 64. Kg3 Rf8 65. Kf3 Ng5+ 66. Ke3 Nf7 67. Ke4 Rd8 68. Ke3 Re8 69. Kd3 Rf8 (69... Rd8+ {looks sharper.} 70. Ke2 Rd5 71. Qa8 Re5+ 72. Kf1 Bh8) 70. Kc4 Rc8+ {The position is equal.} 71. Kb5 (71. Kd5 {seems wilder.} Rd8+ 72. Ke4 Rc8 73. Kf3 Rc3+ 74. Kg2) 71... Rd8 72. Kc6 Rd6+ 73. Kc5 Rd8 74. Kb5 Rd5+ 75. Ka4 Rd8 {White happily takes the draw.  Weighted Error Value: White=0.19/Black=0.22} 1/2-1/2

[Event "Montenegro Festival Mix-01 2021"]
[Site "Podgorica"]
[Date "2021.03.21"]
[Round "4.5"]
[White "Injac, Teodora"]
[Black "Nikcevic, Nebojsa"]
[Result "1-0"]
[WhiteElo "2319"]
[BlackElo "2412"]
[Annotator "ChessBase"]
[PlyCount "51"]
[EventDate "2021.02.26"]
[EventType "swiss"]
[EventCountry "MNE"]
[SourceTitle "playchess.com"]
[Source "ChessBase"]
[SourceQuality "1"]
[TimeControl "40/5400+30:900+30"]

1. d4 {[%emt 0:03:34]} Nf6 {[%emt 0:02:43]} 2. c4 {[%emt 0:00:41]} e6 {[%emt 0:00:52]} 3. Nf3 {[%emt 0:00:11]} d5 {[%emt 0:00:10]} 4. g3 {[%emt 0:00:55]} dxc4 {[%emt 0:02:34]} 5. Bg2 {[%emt 0:00:18]} Nc6 {[%emt 0:00:17]} 6. O-O {[%emt 0:01:44]} Rb8 {[%emt 0:00:04]} 7. e3 {[%emt 0:01:31]} b5 {[%emt 0:03:52]} 8. b3 {[%emt 0:00:42]} cxb3 {[%emt 0:00:38]} 9. axb3 {[%emt 0:00:02]} a6 {[%emt 0:06:00]} 10. Qe2 {[%emt 0:16:59]} Bb7 {[%emt 0:09:12]} 11. Bd2 {[%emt 0:13:22]} Bd6 {[%emt 0:13:33]} 12. Rc1 {[%emt 0:02:03]} Ne7 {[%emt 0:04:38]} 13. Ne1 {[%emt 0:22:23]} c6 {[%emt 0:10:28]} 14. Nd3 {[%emt 0:01:01]} Nd7 {[%emt 0:01:04]} 15. Nc3 {[%emt 0:08:22]} Bc7 {[%emt 0:17:20]} 16. Ne4 {[%emt 0:08:02]} a5 {[%emt 0:00:17]} 17. f4 {[%emt 0:06:21]} O-O {[%emt 0:02:47]} 18. Ne5 {[%emt 0:00:58]} Nxe5 {[%emt 0:08:34]} 19. fxe5 {[%emt 0:00:19]} Ra8 {[%emt 0:00:24]} 20. Qh5 {[%emt 0:02:33]} Bc8 {[%emt 0:08:40]} 21. Rf1 {[%emt 0:00:46]} Ng6 {[%emt 0:00:09]} 22. Ng5 {[%emt 0:01:10]} h6 {[%emt 0:02:31]} 23. Nxf7 {[%emt 0:00:25]} Rxf7 {[%emt 0:01:16]} 24. Rxf7 {[%emt 0:03:01]} Kxf7 {[%emt 0:01:13]} 25. Rf1+ {[%emt 0:00:08]} Kg8 {[%emt 0:00:08]} 26. Qxg6 {[%emt 0:00:07]} 1-0